Normal view
MARC view
Entry Topical Term
001 - CONTROL NUMBER
- control field: 35713
003 - CONTROL NUMBER IDENTIFIER
- control field: OSt
005 - DATE AND TIME OF LATEST TRANSACTION
- control field: 20230221122615.0
008 - FIXED-LENGTH DATA ELEMENTS
- fixed length control field: 230221|| aca||aabn | a|a d
040 ## - CATALOGING SOURCE
- Original cataloging agency: OSt
- Transcribing agency: OSt
150 ## - HEADING--TOPICAL TERM
- Topical term or geographic name entry element: Participatory instructions, Citizen participation, Transparency, Local governance, Subnational politics, Children politics.
670 ## - SOURCE DATA FOUND
- Source citation: Work cat.: (OSt): Pavlic, Rodolfo Disi and Toro, Edgar Rebolledo 35712, Implementing local participatory institutions: Evidence from the Chilean communes
